Personnages de Desperate Housewives - Statistiques

Statistiques générales
  • Ce quiz a été pris 111 fois
  • Le résultat moyen est 40 sur 96
Statistiques - réponses
Réponse % Correct
Bree
98%
Gabrielle
93%
Karl
93%
Lynette
93%
Susan
93%
Carlos
91%
Juanita
91%
Julie
89%
Andrew
86%
Rex
86%
Tom
86%
Mike
84%
MJ
82%
Orson
82%
Porter
82%
Preston
82%
Ed
80%
Eddie
80%
Paul
77%
Danny
75%
Celia
73%
Parker
73%
Danielle
70%
Mary Alice
70%
Edie
64%
Penny
64%
Angie
61%
Karen
59%
Katherine
59%
Lee
57%
Bob
55%
Renee
55%
Zach
55%
Ben
52%
Betty
50%
John
50%
Dave
48%
George
48%
Martha
48%
Matthew
45%
Paige
45%
Dylan
43%
Felicia
43%
Ana
41%
Kayla
41%
Nick
41%
Grace
39%
Beth
36%
Jackson
36%
Patrick
36%
Patrick
36%
Caleb
34%
Adam
32%
Benjamin
32%
Ian
32%
Victor
32%
Alma
30%
Keith
30%
Roy
30%
Chuck
27%
Alex
25%
Yao Lin
23%
Jenny
20%
Travers
20%
Eli
18%
Gloria
18%
Ida
18%
Jane
18%
Sophie
18%
Xiao Mei
18%
Trip
16%
Wayne
16%
Art
14%
Ellie
14%
Nora
14%
Austin
11%
Lilly
11%
Mitzi
11%
Doug
9%
Helen
9%
Maisy
9%
Mona
9%
Rebecca
9%
Rick
9%
Umberto
9%
Deirdre
7%
Hector
7%
Melanie
7%
Carolyn
5%
Chloe
5%
Irina
5%
Noah
5%
Phylis
5%
Allison
2%
Lillian
2%
Sam
2%
Aucun quiz correspondant
Distribution des résultats
% des personnes avec chaque résultat
Percentile par nombre de réponses
Votre historique - résultats
Vous n’avez pas pris ce quiz